Hydraulics and Fluid Mechanics (Record no. 4367)
[ view plain ]
| 000 -LEADER | |
|---|---|
| fixed length control field | 00347nam a2200145Ia 4500 |
| 008 - FIXED-LENGTH DATA ELEMENTS--GENERAL INFORMATION | |
| fixed length control field | 191201s2009 xx 000 0 und d |
| 082 ## - DEWEY DECIMAL CLASSIFICATION NUMBER | |
| Classification number | 621.26 |
| Item number | SEH |
| 100 ## - MAIN ENTRY--PERSONAL NAME | |
| Personal name | MODI, P N |
| 245 #0 - TITLE STATEMENT | |
| Title | Hydraulics and Fluid Mechanics |
| 250 ## - EDITION STATEMENT | |
| Edition statement | Rev |
| 260 ## - PUBLICATION, DISTRIBUTION, ETC. (IMPRINT) | |
| Place of publication, distribution, etc | N.Delhi |
| Name of publisher, distributor, etc | Raj Pal and Sons |
| Date of publication, distribution, etc | 2009 |
| 300 ## - PHYSICAL DESCRIPTION | |
| Extent | 1270 |
| 650 ## - SUBJECT ADDED ENTRY--TOPICAL TERM | |
| Topical term or geographic name as entry element | B.Tech(ME) |
| 942 ## - ADDED ENTRY ELEMENTS (KOHA) | |
| Source of classification or shelving scheme | Dewey Decimal Classification |
| Koha item type | Text Books |
| Withdrawn status | Lost status | Source of classification or shelving scheme | Damaged status | Not for loan | Collection code | Home library | Current library | Date acquired | Source of acquisition | Cost, normal purchase price | Bill Number | Total Checkouts | Full call number | Acc. no. / Barcode | Date last seen | Bill Date | Koha item type | Date last borrowed |
|---|---|---|---|---|---|---|---|---|---|---|---|---|---|---|---|---|---|---|
| Dewey Decimal Classification | B.Tech(ME) | PIET C-LIBRARY | PIET C-LIBRARY | 29/01/2010 | J B C, New Delhi | 480.00 | SI-4325 | 621.26 SEH | 14647 | 04/12/2019 | 25/01/2010 | Text Books | ||||||
| Dewey Decimal Classification | B.Tech(ME) | PIET C-LIBRARY | PIET C-LIBRARY | 29/01/2010 | J B C, New Delhi | 480.00 | SI-4325 | 621.26 SEH | 14648 | 04/12/2019 | 25/01/2010 | Text Books | ||||||
| Dewey Decimal Classification | B.Tech(ME) | PIET C-LIBRARY | PIET C-LIBRARY | 29/01/2010 | J B C, New Delhi | 480.00 | SI-4325 | 2 | 621.26 SEH | 14649 | 19/12/2024 | 25/01/2010 | Text Books | 02/12/2024 | ||||
| Dewey Decimal Classification | B.Tech(ME) | PIET C-LIBRARY | PIET C-LIBRARY | 29/01/2010 | J B C, New Delhi | 480.00 | SI-4325 | 1 | 621.26 SEH | 14650 | 14/03/2022 | 25/01/2010 | Text Books | 28/02/2022 | ||||
| Dewey Decimal Classification | B.Tech(ME) | PIET C-LIBRARY | PIET C-LIBRARY | 29/01/2010 | J B C, New Delhi | 480.00 | SI-4325 | 621.26 SEH | 14651 | 04/12/2019 | 25/01/2010 | Text Books |